Ladrón de fuego / (Record no. 175512)

MARC details
000 -LEADER
campo de control de longitud fija 00658nam a2200229 i 4500
001 - NÚMERO DE CONTROL
campo de control 175512
003 - IDENTIFICADOR DE NÚMERO DE CONTROL
campo de control ES-MaACL
005 - FECHA Y HORA DE LA ÚLTIMA TRANSACCIÓN
campo de control 20250824201129.0
007 - CAMPO FIJO DE DESCRIPCIÓN FÍSICA--INFORMACIÓN GENERAL
campo de control de longitud fija t|
008 - DATOS DE LONGITUD FIJA--INFORMACIÓN GENERAL
campo de control de longitud fija 101103s1979 sp a r ||||1| spa d
020 ## - NÚMERO INTERNACIONAL ESTÁNDAR DEL LIBRO
Número Internacional Estándar del Libro 84-85551-06-0
080 ## - NÚMERO DE LA CLASIFICACIÓN DECIMAL UNIVERSAL
Número de la Clasificación Decimal Universal 821.134.2-1"19"
100 1# - ENTRADA PRINCIPAL--NOMBRE DE PERSONA
Nombre de persona Lupiáñez, José.
9 (RLIN) 74802
245 10 - MENCIÓN DEL TÍTULO
Título Ladrón de fuego /
Mención de responsabilidad, etc. José Lupiáñez.
250 ## - MENCION DE EDICION
Mención de edición 3ª ed.
260 ## - PUBLICACIÓN, DISTRIBUCIÓN, ETC.
Lugar de publicación, distribución, etc. Granada :
Nombre del editor, distribuidor, etc. Antonio Ubago,
Fecha de publicación, distribución, etc. 1979.
300 ## - DESCRIPCIÓN FÍSICA
Extensión 46 p. , [4] h. de lám. ;
Dimensiones 21 cm.
490 1# - MENCIÓN DE SERIE
Mención de serie Ánade. Libros de poesía ;
Designación de volumen o secuencia 7
830 00 - PUNTO DE ACCESO ADICIONAL DE SERIE-TÍTULO UNIFORME
Título uniforme Ánade.
Nombre de parte o sección de la obra Libros de poesía
Designación de volumen o secuencia 7
9 (RLIN) 189790
852 ## - LOCALIZACIÓN
Ubicación ES-MaACL
Número de control de estantería 13417
Encuadernación Olim P-330
Holdings
Estatus retirado Estado de pérdida Estado de daño No para préstamo Biblioteca de origen Biblioteca actual Ubicación en estantería Fecha de adquisición Fuente de adquisición Total de préstamos Signatura topográfica completa Código de barras Visto por última vez Precio de reemplazo Tipo de ítem Koha
        Biblioteca del Ateneo de Madrid Biblioteca del Ateneo de Madrid Depósito 2 03/11/2010     E-13417 1184288 23/02/2023 23/02/2023 Libro impreso